000 00259nam a2200109Ia 4500
008 190216s9999||||xx |||||||||||||| ||und||
100 _aMaheswari S N
245 0 _aProblems And Solutions Cost Accounting
260 _bNull
_c1985
300 _a1229p
942 _cBK
999 _c5225
_d5225